000
00297nam a22001337a 4500
008
181218b xxu||||| |||| 00| 0 eng d
020
_a
9780138342685
041
_a
eng
080
_a
371
100
_a
46
101
_a
EDU
245
_a
Learning the Art of Helping
_c
Young, M.E
942
_2
udc
_c
BK
999
_c
53409
_d
53409